00958nam a2200241 i 4500001000300000100002100003245010000024260004500124300002500169490009500194500004000289504001400329650003500343830008900378040000800467041000800475080002100483942000700504008004100511999001700552856009800569952004900667bg1 aHIEN, Tran Duong10aNumerical analysis of stochastic systems /cTran Duong Hien ; Technical University of Szczecin. aSzczecin :bWydaw. Uczelniane PS,c2003. a71, [1] s. ;c24 cm.1 aPrace Naukowe Politechniki Szczecińskiej. Katedra Teorii Konstrukcji,x1731-3007 ;vnr 2 aNr w serii gł. 579, streszcz. pol. aBibliogr. 9aAnaliza numerycznaxstosowanie aPrace Naukowe Politechniki Szczecińskiej. Katedra Teorii Konstrukcji,x1731-3007 ; cBPK0 aeng a519.61/.64:519.2 cKS s pl f |000 0 pol  c44588d44588 uhttp://koha.tu.koszalin.pl/cgi-bin/koha/opac-detail.pl?biblionumber=44588yKatalog online BPK 00104070aBPKbBPKcwo71995p02176345yKS